00000000nam 2200000zi 4500
0019.916957
003CaOODSP
00520221223133618
006m     o  d f      
007cr mn|||||||||
008221104t20222022qucab   ob   f000 0 fre d
020 |a9780660461533
040 |aCaOODSP|bfre|erda|cCaOODSP
043 |an-cn-on
0861 |aCW66-924/2022F-PDF
24500|aRéserve nationale de faune de Long Point : |bplan de gestion.
24617|aPlan de gestion de la réserve nationale de faune de Long Point
264 1|aGatineau (Québec) : |bEnvironnement et changement climatique Canada = Environment and Climate Change Canada, |c2022.
264 4|c©2022
300 |a1 ressource en ligne (ix, 129 pages) : |billustrations en couleur, carte en couleur
336 |atexte|btxt|2rdacontent/fre
337 |ainformatique|bc|2rdamedia/fre
338 |aressource en ligne|bcr|2rdacarrier/fre
500 |aPublié aussi en anglais sous le titre : Long Point National Wildlife Area management plan.
500 |aTitre de la couverture.
500 |a« EC22102. »
504 |aComprend des références bibliographiques (pages 105-122).
650 6|aRefuges fauniques|zOntario|xGestion.
650 6|aParcs nationaux|zOntario|xGestion.
7101 |aCanada. |bEnvironnement et changement climatique Canada, |eorganisme de publication.
77508|tLong Point National Wildlife Area management plan.|w(CaOODSP)9.916956
85640|qPDF|s3.85 Mo|uhttps://publications.gc.ca/collections/collection_2022/eccc/cw66/CW66-924-2022-fra.pdf
986 |aEC22102